01188nam a2200301Ia 4500001001100000003000800011006001900019007001500038008004100053040002100094035002100115050002400136100001500160245010500175260008800280300001100368533015200379650003400531650002200565655002900587700001800616700001600634710005700650710002200707710001700729856012500746999001500871ebr5000559CaPaEBRm u cr cn|||||||||100921s2001 inu s 000 0 eng d aCaPaEBRcCaPaEBR a(OCoLC)68062915814aQ151.A7bH27 2001eb0 aAristotle.10aPhysicsh[electronic resource] :b350 BC /cby Aristotle ; translated by R. P. Hardie and R. K Gaye. a[South Bend, IN] :bInfomotions, Inc. ;a[Blacksburg, VA] :bVirginia Tech.,c2001. a138 p. aElectronic reproduction.bPalo Alto, Calif. :cebrary,d2010.nAvailable via World Wide Web.nAccess may be limited to ebrary affiliated libraries. 0aPhysicsvEarly works to 1800. 0aScience, Ancient. 7aElectronic books.2local1 aHardie, R. P.1 aGaye, R. K.2 aVirginia Polytechnic Institute and State University.2 aInfomotions, Inc.2 aebrary, Inc.40uhttp://site.ebrary.com/lib/rucke/Doc?id=5000559zAn electronic book accessible through the World Wide Web; click to view c2876d2876